| 000 | 00543nam a2200181Ia 4500 | ||
|---|---|---|---|
| 001 | 24337 | ||
| 005 | 20260414151036.0 | ||
| 008 | 260414t2003||||xx |||||||||||||| ||spa|| | ||
| 041 | _aESP | ||
| 082 |
_a345.31 _bE43 |
||
| 100 |
_aElorreaga Montenegro, Goroztiaga _eAUT |
||
| 245 | 0 |
_aLa pericia de parte contable financiera como terapéutica legal contra las denuncias por malversación de fondos, peculado y otros _b |
|
| 260 | _c2003 | ||
| 300 |
_a198 páginas : _c21 cm. |
||
| 650 | _aDER | ||
| 654 | _aCDE | ||
| 942 |
_cLIB _dJUS _fJUS _2ddc _n |
||
| 999 |
_c24337 _d24337 |
||